Pamiatková obnova a adaptácia kaštieľa Diviackovcov v Diviackej Novej Vsi

Enregistré dans:
Détails bibliographiques
Auteur principal: Udvardiová, Agáta (Auteur)
Autres auteurs: Pauliny, Pavol (Directeur de thèse)
Format: Manuscrit Livre
Langue:slovaque
Publié: Bratislava 2021
Sujets:
Accès en ligne:http://is.stuba.sk/zp/portal_zp.pl?podrobnosti=160018
Tags: Ajouter un tag
Pas de tags, Soyez le premier à ajouter un tag!

MARC

LEADER 00000ntm a22000003a 4500
001 stuzp83919
003 SK-STU
005 20220221094531.3
007 ta
008 150427s2015----xo-----f-mn---000-0-slo-d
040 |a STU  |b slo 
041 0 |a slo 
100 1 |a Udvardiová, Agáta  |u 053130  |4 aut  |U FAD Fakulta architektúry a dizajnu  |T FAD Ústav dejín a teórie architektúry a obnovy pamiatok  |X 82891  |U A3130  |Y 394  |7 82891 
242 0 1 |a Monument restoration and adaptation of manor house in Diviacka Nová Ves  |y eng 
245 1 0 |a Pamiatková obnova a adaptácia kaštieľa Diviackovcov v Diviackej Novej Vsi 
260 |c 2021  |a Bratislava 
650 4 |a kaštieľ  |2 slo 
650 4 |a obnova  |2 slo 
650 4 |a adaptácia  |2 slo 
650 4 |a Diviacka Nová Ves  |2 slo 
650 4 |a manor-house  |2 eng 
650 4 |a restoration  |2 eng 
650 4 |a adaptation  |2 eng 
650 4 |a Diviacka Nová Ves  |2 eng 
700 1 |a Pauliny, Pavol  |u 053130  |k Z1  |4 ths  |U FAD Fakulta architektúry a dizajnu  |T FAD Ústav dejín a teórie architektúry a obnovy pamiatok  |X 474  |U A3130  |Y 394  |7 474 
856 4 |u http://is.stuba.sk/zp/portal_zp.pl?podrobnosti=160018  |u https://opac.crzp.sk/?fn=detailBiblioForm&sid=0C216CD716E182230C2E0FAAC853